000 00838nam a2200265 i 4500
001 8455
003 ES-MaACL
005 20250822062542.0
007 t|
008 920618s1989 sp ||||1| spa d
020 _a84-7444-335-0
080 _a159.9.01
100 1 _aBrunswik, Egon.
_932214
245 1 3 _aEl Marco conceptual de la psicología /
_cEgon Brunswik ; versión castellana e introducción de Juan Bautista Fuentes Ortega.
250 _a[1ª ed.].
260 _aMadrid :
_bDebate,
_c1989.
300 _a253 p. ;
_c23 cm.
490 1 _aClásicos de la psicología
500 _3Notas bibliográficas
650 1 7 _aPsicología
_2embne
_916540
700 1 _aFuentes Ortega, Juan Bautista.
_952937
830 0 _aClásicos de la psicología
_9183599
852 _aES-MaACL
_jL-15855
_bR.120198
999 _c8455
_d8455